000
00234nam a2200121Ia 4500
100
_a
#N/A
942
_c
BK
245
_a
Group Discussion and interview skills
260
_b
#N/A
082
_b
21535
546
_a
ENGLISH
999
_c
26364
_d
26364